000 00736nam a2200169Ia 4500
003 LDD
008 190117s9999 xx 000 0 und d
020 _c₹50
040 _cLDD
041 _ahi
082 _a8H0.3 ल6566री
100 _aलल्लनराय
245 0 _aरीतिकालीन हिन्दी साहित्य में उल्लिखित वस्त्राभरणों का अध्ययन
_cलल्लनराय
260 _aचण्डीगढ़ |
_bब्लिकेशन ब्यूरो 1
_c1974
300 _a424प्र.
942 _2ddc
_cH
999 _c168986
_d168986